000 00751nam a2200205 a 4500
005 20230202063551.0
008 160815s2013 mx r 000 0 spa d
020 _a9786074017922
035 _aUPN01000212311
049 _aCG
050 4 _aHQ1236.5 M6
_bE5.7
245 0 0 _aEntre guijarros :
_bavances y retrocesos de la participación política de las mujeres en México /
_ccoord. Ma. Aidé Hernández García.
260 _aMéxico :
_bM. A. Porrúa :
_bUniversidad de Guanajuato,
_c2013.
300 _a238 p. :
_bgráfs., cuadros
440 4 _aLas ciencias sociales.
_pEstudios de género
650 4 _aMujeres
_xActividad política
_zMéxico
_917499
700 1 _aHernández García, María Aidé,
_ecoord.
905 _aLibro
999 _c184411
_d184411